The establish of rural bank in Canlaon / (Record no. 5746)
[ view plain ]
| 000 -LEADER | |
|---|---|
| fixed length control field | 02810naa a2200349Ia 4500 |
| 003 - CONTROL NUMBER IDENTIFIER | |
| control field | OSt |
| 005 - DATE AND TIME OF LATEST TRANSACTION | |
| control field | 20260416114645.0 |
| 008 - FIXED-LENGTH DATA ELEMENTS--GENERAL INFORMATION | |
| fixed length control field | 260416s2017 xx 000 0 und d |
| 040 ## - CATALOGING SOURCE | |
| Original cataloging agency | Foundation University |
| Language of cataloging | Eng |
| Transcribing agency | Foundation University |
| Description conventions | rda |
| 050 ## - LIBRARY OF CONGRESS CALL NUMBER | |
| Classification number | CBA (BsEco-FS) LG 221 D35 B87 |
| Item number | A5 B87 2015 A84 |
| 099 ## - LOCAL FREE-TEXT CALL NUMBER (OCLC) | |
| Classification number | 799 |
| 100 ## - MAIN ENTRY--PERSONAL NAME | |
| Personal name | Aseñas, Mary Grace C. |
| 9 (RLIN) | 1517 |
| Relator term | author. |
| 245 10 - TITLE STATEMENT | |
| Title | The establish of rural bank in Canlaon / |
| Statement of responsibility, etc. | by Mary Grace C. Aseñas, Bryan john T. Bacurnay, and [others.] |
| 264 ## - PRODUCTION, PUBLICATION, DISTRIBUTION, MANUFACTURE, AND COPYRIGHT NOTICE | |
| Place of production, publication, distribution, manufacture | Dumaguete City : |
| Name of producer, publisher, distributor, manufacturer | Foundation University ; |
| Date of production, publication, distribution, manufacture, copy right date | 2015. |
| Copyright Date | 2015. |
| 300 ## - PHYSICAL DESCRIPTION | |
| Extent | xi, 171 leaves : |
| Other physical details | ill. (chiefly color) ; |
| Dimensions | 28 cm. |
| Materials specified | volume |
| Type of unit | resource |
| 336 ## - CONTENT TYPE | |
| Source | rdacontent |
| Content type term | text |
| Content type code | txt |
| 337 ## - MEDIA TYPE | |
| Source | rdamedia |
| Media type term | unmediated |
| Media type code | n |
| 338 ## - CARRIER TYPE | |
| Materials specified | rdacarrier |
| Carrier type term | volume |
| Carrier type code | nc |
| 502 ## - DISSERTATION, THESIS NOTE | |
| Master's Degree Note | Undergraduate feasibility (BS in Administration Major Business Economics) - - Foundation University, 2015. |
| 504 ## - BIBLIOGRAPHY, ETC. NOTE | |
| Bibliography, etc. note | Includes bibliographical references and appendices. |
| 520 ## - ABSTRACT, SUMMARY, ETC. | |
| Abstract, Summary, etc. | ABSTRACT<br/>Title:<br/>Establishment of Rural Bank in Canlaon<br/>Researchers:<br/>Mary Grace C. Aseñas<br/>Marve LUz A. Palagtiw<br/>Bryan John T. Bacurnay<br/>Jonna A. Tilos<br/>SherealM. Gonzales<br/>Degree:<br/>Bachelor of Science in Business Administration major in<br/>Business Economics<br/>School:<br/>Foundation University<br/>Academic Year: 2015- 2016<br/>This study was conducted to determine the feasibility study of establishing<br/>of Rural Bank in Canlaon City. Further elaboration on the major objectives of the<br/>study includes the following: (1) To discover the feasibility of the proposal in<br/>terms of its marketing, management, technical, financial, and socio-economic<br/>aspects. (2) To discuss the probable advantages and disadvantages, financially<br/>and non-financially of putting rural bank in Canlaon City. (3) To gain information<br/>on the perception and preferences of the target market about the proposal. (4) To<br/>help farmer and locals to expand their production through lending them some<br/>amount of money to be used as their capitals and to improve their quality of life.<br/>(5) To put up a financial institution in Canlaon City, which is the only city in the<br/>Philippines that does not have a bank. |
| 650 ## - SUBJECT ADDED ENTRY--TOPICAL TERM | |
| Topical term or geographic name entry element | Banks and banking, Rural |
| Geographic subdivision | Philippines. |
| 9 (RLIN) | 1518 |
| 650 ## - SUBJECT ADDED ENTRY--TOPICAL TERM | |
| Topical term or geographic name entry element | Financial institutions |
| Geographic subdivision | Philippines. |
| 9 (RLIN) | 15506 |
| 650 ## - SUBJECT ADDED ENTRY--TOPICAL TERM | |
| Topical term or geographic name entry element | Microfinance |
| Geographic subdivision | Philippines. |
| 9 (RLIN) | 15505 |
| 650 ## - SUBJECT ADDED ENTRY--TOPICAL TERM | |
| Topical term or geographic name entry element | Feasibility studies. |
| 9 (RLIN) | 15504 |
| 658 ## - INDEX TERM--CURRICULUM OBJECTIVE | |
| Main curriculum objective | Project Feasibility Study : |
| Subordinate curriculum objective | Administration Major in Business Economics, Bachelor of Science in ; |
| Curriculum code | FSB301. |
| 700 1# - ADDED ENTRY--PERSONAL NAME | |
| Personal name | Bacurnay, Bryan John T. |
| 9 (RLIN) | 1520 |
| Relator term | co-author |
| 700 1# - ADDED ENTRY--PERSONAL NAME | |
| Personal name | Gonazales, Shereal M. |
| Relator term | co-author |
| 9 (RLIN) | 15522 |
| 700 1# - ADDED ENTRY--PERSONAL NAME | |
| Personal name | Palagtiw, Marve Luz A. |
| Relator term | co-author |
| 9 (RLIN) | 15523 |
| 700 1# - ADDED ENTRY--PERSONAL NAME | |
| Personal name | Tilos, Jonna A. |
| Relator term | co-author |
| 9 (RLIN) | 15524 |
| 942 ## - ADDED ENTRY ELEMENTS (KOHA) | |
| Source of classification or shelving scheme | Library of Congress Classification |
| Koha item type | Feasibility Study |
| Classification part | LG 221 D35 B87 |
| Item part | A5 B87 2015 A84 |
| Call number prefix | CBA (BsEco-FS) |
| Withdrawn status | Lost status | Source of classification or shelving scheme | Damaged status | Not for loan | Home library | Current library | Shelving location | Date acquired | Source of acquisition | Total Checkouts | Full call number | Barcode | Date last seen | Price effective from | Koha item type | Accession Number |
|---|---|---|---|---|---|---|---|---|---|---|---|---|---|---|---|---|
| Library of Congress Classification | Foundation University Library | Foundation University Library | Undergraduate Thesis | 04/16/2026 | Donated | CBA (BsEco-FS) LG 221 D35 B87 A5 B87 2015 A84 c.1 | 59214 | 04/16/2026 | 04/16/2026 | Feasibility Study | BsEco-FS-2026003 | |||||
| Library of Congress Classification | Foundation University Library | Foundation University Library | Undergraduate Thesis | 04/16/2026 | Donated | CBA (BsEco-FS) LG 221 D35 B87 A5 B87 2015 A84 c.2 | 59215 | 04/16/2026 | 04/16/2026 | Feasibility Study | BsEco-FS-2026004 |
